MARC details
| 000 -CABECERA |
| campo de control de longitud fija |
02476nab a2200277 a 4500 |
| 005 - FECHA Y HORA DE LA ÚLTIMA TRANSACCIÓN |
| campo de control |
20250116063858.0 |
| 008 - ELEMENTOS DE LONGITUD FIJA--INFORMACIÓN GENERAL |
| campo de control de longitud fija |
991125c2018 sp fr p o 000 0 spa d |
| 035 ## - NÚMERO DE CONTROL DEL SISTEMA |
| Número de control de sistema |
UPN01000226259 |
| 040 ## - FUENTE DE LA CATALOGACIÓN |
| Centro catalogador/agencia de origen |
UPN |
| Lengua de catalogación |
spa |
| Centro/agencia transcriptor |
UPN |
| Normas de descripción |
aacr2 |
| 049 ## - COLECCIÓN |
| Colección |
ART-E |
| 100 1# - ASIENTO PRINCIPAL--NOMBRE PERSONAL |
| Nombre de persona |
Martínez Ruiz-Funes, María José |
| Enlace |
- mjosemrf@um.es |
| 100 1# - ASIENTO PRINCIPAL--NOMBRE PERSONAL |
| Nombre de persona |
Cerdá Mondejar, Carmen María |
| 245 13 - MENCIÓN DE TÍTULO |
| Título |
El colegio alemán de Cartagena (1931-1944). Élites e ideología |
| Medio |
[recurso electrónico en línea] |
| 506 0# - NOTA DE RESTRICCIONES AL ACCESO |
| Limitaciones de acceso |
Acceso abierto |
| 520 3# - NOTA DE RESUMEN, ETC. |
| Sumario, etc. |
El Colegio Alemán de Cartagena abre sus puertas en 1931, coincidiendo en el tiempo con el inicio de la Segunda República en España. El apoyo a las iniciativas de educación laica por parte del nuevo gobierno permite que se lleven a cabo proyectos como el promovido por el cónsul Fricke en Cartagena. Con una ubicación privilegiada en el enclave portuario, en un importante entramado comercial y estratégico, el Colegio, favorecido por el ascenso de Hitler al poder, trasladará sus instalaciones desde la muralla a las afueras de la ciudad, junto a la estación del tren, convirtiéndose al tiempo en una escuela y foco social de formación ideológica de niños y adultos. En años posteriores y hasta 1937, ya iniciada la guerra civil en España, el Colegio continúa funcionando y aumentando paulatinamente el número de alumnos matriculados y su vinculación con las élites locales. Hacia 1938 sus instalaciones son ocupadas por el bando republicano y el material escolar es confiscado. Tras la guerra civil el centro volverá a abrir sus puertas y permanecerá activo hasta la finalización de la Segunda Guerra Mundial, momento en el que se clausura de manera definitiva. Las diferentes fases por las que pasa a lo largo de su dilatada historia, reconstruidas a través del estudio de documentos de archivo y noticias de la prensa local, entre otras fuentes, el Colegio Alemán de Cartagena, al igual que otras instituciones educativas germanófilas, refleja fielmente la instrumentalización ideológica al servicio de la educación. |
| 650 #4 - ASIENTO SECUNDARIO DE MATERIA - TERMINO TEMATICO |
| Término de materia o nombre geográfico como elemento de entrada |
Educación |
| 9 (RLIN) |
682 |
| 650 #4 - ASIENTO SECUNDARIO DE MATERIA - TERMINO TEMATICO |
| 9 (RLIN) |
6793 |
| Término de materia o nombre geográfico como elemento de entrada |
Ideología |
| 653 0# - TERMINO DE INDIZACION - NO CONTROLADO |
| Término no controlado |
Élites |
| 653 05 - TERMINO DE INDIZACION - NO CONTROLADO |
| Término no controlado |
Cartagena, España |
| 653 0# - TERMINO DE INDIZACION - NO CONTROLADO |
| Término no controlado |
Colegio alemán |
| 773 ## - ENLACE AL DOCUMENTO FUENTE/ENTRADA DE REGISTRO ANFITRIÓN |
| Parte(s) relacionada(s) |
Vol. 16, no. 25 (2018), p. 27-47 |
| Título |
Foro de educación |
| Número Internacional Normalizado para Publicaciones Seriadas |
1698-7802 |
| 856 4# - LOCALIZACIÓN Y ACCESO ELECTRÓNICOS |
| Identificador Uniforme del Recurso |
<a href="http://www.forodeeducacion.com/ojs/index.php/fde/article/view/666/412">http://www.forodeeducacion.com/ojs/index.php/fde/article/view/666/412</a> |
| 856 4# - LOCALIZACIÓN Y ACCESO ELECTRÓNICOS |
| Identificador Uniforme del Recurso |
<a href="http://dx.doi.org/10.14516/fde.666">http://dx.doi.org/10.14516/fde.666</a> |
| 905 ## - TIPO DE MATERIAL |
| Tipo de material |
Articulo |
| 942 ## - ELEMENTOS DE PUNTO DE ACCESO ADICIONAL (KOHA) |
| Tipo de ítem Koha |
Artículo Electrónico |